000 01364nam a2200349 i 4500
001 768714001
003 CO-MdFUSB
005 20240827090111.0
007 ta
008 230412t1967 -ush|||f |||| 00| 0 eng d
020 _a[No incluye ISBN]
040 _aCO-MdFUSB
_bspa
_cCO-MdFUSB
_dCO-MdFUSBC
_erda
041 _aeng
082 _223
_a935.05
_bW426g
100 _aWeisberg, David B.
_eautor
245 0 _aGuild structure and political allegiance in early Achaemenid Mesopotamia
_c/ David B. Weisberg
264 1 _aNew Haven, Connecticut;
_bYale University Press,
_c1967
264 4 _c©1967
300 _a129 páginas, 9 páginas de láminas
_c; 24 cm
336 _2rdacontent
_atexto
_btxt
337 _2rdamedia
_asin mediación
_bn
338 _2rdacarrier
_avolumen
_bnc
490 _aYale Near Eastern Researches
504 _aIncluye índices y bibliografía
505 _aCarta de un artesano y juramento de lealtad desde principios del reinado de ciro -- Carta de un artesano: exposición -- Estructura gremial y lealtad política: el documento de diálogo y Adu -- Antecedentes históricos de la carta de artesano -- Los artesanos -- Ancestros y ocupaciones -- Gremios en neo-babilonia
563 _aTapa dura
650 7 _2embne
_97022
_aHistoria
653 _aPersia
942 _cBK
945 _aAF
999 _c68704
_d68704